000 00607nam a2200229 a 4500
005 20210219153345.0
008 991125n 000 0 u
035 _aUPN01000093605
100 _aCowan, Ruth B.
222 _aCHANGE
245 _aPrescription for small-college turnaround
300 _a30-39
362 _a25, No. 1, 1993
505 _aJunio 1993
653 0 _aCAMBIO ORGANIZACIONAL
653 0 _aCLIMA ORGANIZACIONAL
653 0 _aCOLEGIOS PEQUE\197OS
653 0 _aCAMBIO ORGANIZACIONAL
653 0 _aSUPERVIVENCIA INSTITUCIONAL
904 _aAC
_b031416
905 _aArticulo
999 _c74775
_d74775